[Event "Benidorm 2013 - Nuevas Generaciones s16"]
[Site "Benidorm ESP"]
[Date "2013.12.05"]
[Round "1.1"]
[White "Tevar Becerra, Alvaro"]
[Black "Buch Prades, Joan"]
[Result "0-1"]
[WhiteElo "1624"]
[BlackElo "2125"]
[PlyCount "146"]
[EventDate "2013.12.05"]
[EventType "swiss"]
[EventRounds "6"]
[EventCountry "ESP"]
[Source "lmi"]
[SourceDate "2013.12.05"]
[WhiteClock "0:01:51"]
[BlackClock "0:17:54"]

1. e4 c5 2. Nf3 Nc6 3. c3 e6 4. d4 d5 5. e5 Nge7 6. Bd3 Bd7 7. a3 c4 8. Bc2 Nf5
9. Bxf5 exf5 10. b4 Be7 11. a4 a6 12. O-O O-O 13. Na3 b5 14. a5 g5 15. h3 f4
16. Nh2 Bf5 17. Qh5 Bg6 18. Qf3 Qd7 19. g4 Be4 20. Qd1 h5 21. f3 Bd3 22. Rf2
hxg4 23. hxg4 Kg7 24. Nc2 f6 25. exf6+ Bxf6 26. Ne1 Bg6 27. Raa2 Rf7 28. Rfe2
Re8 29. Kf2 Rh8 30. Kg1 Ne7 31. Nf1 Nc8 32. Rh2 Re8 33. Rhe2 Rfe7 34. Kf2 Nd6
35. Rxe7+ Rxe7 36. Re2 Rf7 37. Qd2 Qc8 38. Kg1 Rc7 39. Bb2 Qg8 40. Ba1 Bf7 41.
Qc2 Re7 42. Rxe7 Bxe7 43. Qe2 Bf6 44. Bb2 Qh7 45. Qc2 Bg6 46. Qe2 Kf7 47. Qh2
Qg8 48. Qe2 Nc8 49. Kf2 Bb1 50. Kg1 Qg6 51. Nd2 Bd3 52. Nxd3 cxd3 53. Qf2 Nd6
54. Kf1 Nc4 55. Nxc4 bxc4 56. Ke1 Qh7 57. Bc1 Ke6 58. Bd2 Kd6 59. Kf1 Qh1+ 60.
Qg1 Qxf3+ 61. Qf2 Qxg4 62. b5 axb5 63. a6 Kc6 64. Qe1 Qf3+ 65. Kg1 Qg3+ 66.
Qxg3 fxg3 67. Kg2 Kb6 68. a7 Kxa7 69. Kxg3 b4 70. cxb4 Bxd4 71. Kg2 c3 72. Bxg5
d2 73. Bxd2 cxd2 0-1

[Event "Benidorm 2013 - Nuevas Generaciones s16"]
[Site "Benidorm ESP"]
[Date "2013.12.05"]
[Round "1.2"]
[White "Sanchez Vigon, David"]
[Black "Capote Robayna, Nayeli"]
[Result "1-0"]
[WhiteElo "1921"]
[BlackElo "1612"]
[PlyCount "55"]
[EventDate "2013.12.05"]
[EventType "swiss"]
[EventRounds "6"]
[EventCountry "ESP"]
[Source "lmi"]
[SourceDate "2013.12.05"]
[WhiteClock "0:22:43"]
[BlackClock "0:06:30"]

1. d4 d5 2. Nf3 Nf6 3. Bf4 c5 4. e3 Nc6 5. c3 Qb6 6. Qc1 Bf5 7. Nbd2 e6 8. h3
h6 9. Be2 Be7 10. O-O O-O 11. dxc5 Bxc5 12. b4 Be7 13. Qb2 Rac8 14. a4 a5 15.
b5 Nb8 16. c4 Nbd7 17. Ne5 Nc5 18. Nb3 Nfd7 19. Nxc5 Nxc5 20. cxd5 exd5 21. Nf3
Ne6 22. Rac1 Nxf4 23. exf4 Bf6 24. Qd2 d4 25. Bd3 Be6 26. Bb1 Bc4 27. Rxc4 Rxc4
28. Qd3 1-0

[Event "Benidorm 2013 - Nuevas Generaciones s16"]
[Site "Benidorm ESP"]
[Date "2013.12.05"]
[Round "1.4"]
[White "Gonzalez Fernandez, Pedro"]
[Black "Olivares Romero, Sara"]
[Result "1-0"]
[WhiteElo "1857"]
[BlackElo "1579"]
[PlyCount "71"]
[EventDate "2013.12.05"]
[EventType "swiss"]
[EventRounds "6"]
[EventCountry "ESP"]
[Source "lmi"]
[SourceDate "2013.12.05"]
[WhiteClock "0:49:22"]
[BlackClock "0:00:59"]

1. e4 c5 2. Nc3 Nc6 3. Bb5 Nd4 4. Bc4 g6 5. Nf3 Bg7 6. Nxd4 cxd4 7. Qf3 e6 8.
Nb5 d6 9. Qa3 Bf8 10. Nxd4 d5 11. Bb5+ Bd7 12. Qa4 a6 13. Bxd7+ Qxd7 14. Qxd7+
Kxd7 15. exd5 exd5 16. O-O Bg7 17. Nf3 Nh6 18. d3 Nf5 19. Re1 Nd4 20. Nxd4 Bxd4
21. c3 Bf6 22. d4 b5 23. Bf4 Rhe8 24. Be5 Re6 25. Bxf6 Rxf6 26. Re5 Kd6 27.
Rae1 Ra7 28. Re8 Re6 29. Kf1 Rxe1+ 30. Kxe1 Re7+ 31. Rxe7 Kxe7 32. Kd2 Kd6 33.
Kd3 Kc6 34. b3 Kd6 35. a3 Kc6 36. c4 1-0

[Event "Benidorm 2013 - Nuevas Generaciones s16"]
[Site "Benidorm ESP"]
[Date "2013.12.06"]
[Round "2.1"]
[White "Buch Prades, Joan"]
[Black "Hernandez Torralba, Sergio"]
[Result "1-0"]
[WhiteElo "2125"]
[BlackElo "1749"]
[PlyCount "51"]
[EventDate "2013.12.05"]
[EventType "swiss"]
[EventRounds "6"]
[EventCountry "ESP"]
[Source "lmi"]
[SourceDate "2013.12.05"]

1. d4 Nf6 2. c4 g6 3. Nc3 Bg7 4. e4 d6 5. Bd3 O-O 6. Nge2 c5 7. d5 e6 8. O-O
exd5 9. exd5 Ng4 10. Bf4 Ne5 11. Ng3 Nbd7 12. Qe2 a6 13. Rac1 Re8 14. Qd2 Nb6
15. b3 Nbd7 16. Bg5 Qc7 17. f4 f6 18. fxe5 fxg5 19. e6 Ne5 20. Qxg5 b6 21. Nce4
Bb7 22. Nf6+ Bxf6 23. Rxf6 Rf8 24. Rcf1 Qg7 25. Nh5 gxh5 26. Rxf8+ 1-0

[Event "Benidorm 2013 - Nuevas Generaciones s16"]
[Site "Benidorm ESP"]
[Date "2013.12.06"]
[Round "2.2"]
[White "Torrijos Garcia, Borja"]
[Black "Sanchez Vigon, David"]
[Result "0-1"]
[WhiteElo "1670"]
[BlackElo "1921"]
[PlyCount "70"]
[EventDate "2013.12.05"]
[EventType "swiss"]
[EventRounds "6"]
[EventCountry "ESP"]
[Source "lmi"]
[SourceDate "2013.12.05"]
[WhiteClock "0:42:53"]
[BlackClock "0:46:19"]

1. c4 Nf6 2. Nf3 c5 3. Nc3 d5 4. cxd5 Nxd5 5. g3 Nc6 6. Bg2 Nc7 7. O-O e5 8. d3
Be7 9. Bd2 O-O 10. Rc1 Ne6 11. a3 Bd7 12. Nd5 a5 13. Qe1 a4 14. Rb1 Ned4 15.
Nxd4 exd4 16. b4 axb3 17. Rxb3 Be6 18. Nxe7+ Qxe7 19. Rb6 Rxa3 20. Bxc6 bxc6
21. Rxc6 Bh3 22. f3 Bxf1 23. Kxf1 Re8 24. Rb6 Qa7 25. Rb1 Qa6 26. Kf2 c4 27.
dxc4 Qxc4 28. Rc1 Qa6 29. Rb1 h5 30. Rd1 Ra2 31. Rb1 d3 32. e3 Ra8 33. Rc1 Qa3
34. Rb1 Qc3 35. Rd1 Qb2 0-1

[Event "Benidorm 2013 - Nuevas Generaciones s16"]
[Site "Benidorm ESP"]
[Date "2013.12.06"]
[Round "2.4"]
[White "Mandado Castelany, Marco"]
[Black "Gonzalez Fernandez, Pedro"]
[Result "1/2-1/2"]
[WhiteElo "1632"]
[BlackElo "1857"]
[PlyCount "42"]
[EventDate "2013.12.05"]
[EventType "swiss"]
[EventRounds "6"]
[EventCountry "ESP"]
[Source "lmi"]
[SourceDate "2013.12.05"]
[WhiteClock "0:34:18"]
[BlackClock "0:18:12"]

1. c4 e5 2. Nc3 Nc6 3. Nf3 g6 4. g3 Bg7 5. Bg2 d6 6. O-O Nge7 7. e3 f5 8. d4
O-O 9. d5 Nb8 10. Nd2 Nd7 11. f3 a5 12. e4 f4 13. g4 g5 14. a4 Nc5 15. Nb3 c6
16. Nxc5 Qb6 17. b3 Qxc5+ 18. Kh1 Rd8 19. Ba3 Qb6 20. Ra2 c5 21. Rd2 Ng6
1/2-1/2

[Event "Benidorm 2013 - Nuevas Generaciones s16"]
[Site "Benidorm ESP"]
[Date "2013.12.06"]
[Round "3.1"]
[White "Sanchez Vigon, David"]
[Black "Buch Prades, Joan"]
[Result "1-0"]
[WhiteElo "1921"]
[BlackElo "2125"]
[PlyCount "83"]
[EventDate "2013.12.05"]
[EventType "swiss"]
[EventRounds "6"]
[EventCountry "ESP"]
[Source "lmi"]
[SourceDate "2013.12.05"]
[WhiteClock "0:13:05"]
[BlackClock "0:11:38"]

1. e4 c5 2. Nf3 Nc6 3. Bb5 g6 4. Bxc6 dxc6 5. d3 Bg7 6. h3 Nf6 7. Be3 b6 8. Qd2
h6 9. Nc3 Nd7 10. a4 a5 11. O-O e5 12. Nh2 g5 13. Ne2 Qc7 14. c3 Ba6 15. Rfd1
O-O-O 16. Qc2 Bf8 17. Ng3 Nf6 18. d4 exd4 19. cxd4 c4 20. b3 cxb3 21. Qxb3 Bb4
22. Rac1 Bb7 23. Ng4 Nxg4 24. hxg4 Rhe8 25. Qc4 Kb8 26. Bd2 c5 27. Bxb4 axb4
28. d5 Qd7 29. a5 Qd6 30. axb6 Qxb6 31. Qxc5 Qxc5 32. Rxc5 Rc8 33. Rb5 Rc4 34.
Rb1 Kc7 35. R5xb4 Rxb4 36. Rxb4 Bc8 37. f3 Kd6 38. Rb6+ Ke5 39. Rxh6 Kf4 40.
Nh5+ Ke3 41. Rb6 Bxg4 42. Nf6 1-0

[Event "Benidorm 2013 - Nuevas Generaciones s16"]
[Site "Benidorm ESP"]
[Date "2013.12.06"]
[Round "3.2"]
[White "Gonzalez Fernandez, Pedro"]
[Black "Serra Canals, Oriol"]
[Result "0-1"]
[WhiteElo "1857"]
[BlackElo "1897"]
[PlyCount "66"]
[EventDate "2013.12.05"]
[EventType "swiss"]
[EventRounds "6"]
[EventCountry "ESP"]
[Source "lmi"]
[SourceDate "2013.12.05"]
[WhiteClock "0:16:17"]
[BlackClock "0:16:09"]

1. d4 e6 2. e3 d5 3. Bd3 Bd6 4. Nd2 Nf6 5. f4 b6 6. Ngf3 Bb7 7. O-O O-O 8. Ne5
c5 9. c3 Ne4 10. Qf3 Nxd2 11. Bxd2 Ba6 12. c4 Bxe5 13. fxe5 Nd7 14. Qh3 g6 15.
Be1 Bxc4 16. Bh4 Qc7 17. Bxc4 dxc4 18. Be7 Rfe8 19. Rxf7 Nf8 20. Qh6 Kxf7 21.
Bxf8 Kg8 22. Bd6 Qg7 23. Qf4 cxd4 24. exd4 Rac8 25. Rc1 g5 26. Qg4 Qg6 27. Rf1
c3 28. bxc3 Rxc3 29. h3 h5 30. Qd1 Rec8 31. Kh2 g4 32. Qd2 gxh3 33. Rf6 Qg3+
0-1

[Event "Benidorm 2013 - Nuevas Generaciones s16"]
[Site "Benidorm ESP"]
[Date "2013.12.06"]
[Round "3.3"]
[White "Donadio Falcon, Pablo"]
[Black "Perez Garcia, Alejandro"]
[Result "0-1"]
[WhiteElo "1577"]
[BlackElo "1990"]
[PlyCount "66"]
[EventDate "2013.12.05"]
[EventType "swiss"]
[EventRounds "6"]
[EventCountry "ESP"]
[Source "lmi"]
[SourceDate "2013.12.05"]
[WhiteClock "0:12:13"]
[BlackClock "0:47:39"]

1. e4 c5 2. Nf3 Nc6 3. d4 cxd4 4. Nxd4 g6 5. c4 Bg7 6. Be3 Nf6 7. Nc3 O-O 8.
Be2 d6 9. O-O Bd7 10. Qd2 Nxd4 11. Bxd4 Bc6 12. f3 a5 13. Rfd1 Nd7 14. Be3 Nc5
15. Rac1 a4 16. Rc2 Qb6 17. Nd5 Bxd5 18. cxd5 Rfc8 19. Rdc1 Qd8 20. Qb4 a3 21.
b3 Bb2 22. Rd1 Na6 23. Qd2 Rxc2 24. Qxc2 Nb4 25. Qb1 Rc8 26. Bd2 Qb6+ 27. Kh1
Rc2 28. Bxb4 Rxe2 29. Be1 Qe3 30. Bg3 Bd4 31. Re1 Rb2 32. Qd1 Qd2 33. Qxd2 Rxd2
0-1

[Event "Benidorm 2013 - Nuevas Generaciones s16"]
[Site "Benidorm ESP"]
[Date "2013.12.06"]
[Round "3.4"]
[White "Cribilles Perez, Carlos"]
[Black "Mandado Castelany, Marco"]
[Result "1-0"]
[WhiteElo "1698"]
[BlackElo "1632"]
[PlyCount "47"]
[EventDate "2013.12.05"]
[EventType "swiss"]
[EventRounds "6"]
[EventCountry "ESP"]
[Source "lmi"]
[SourceDate "2013.12.05"]
[WhiteClock "0:44:23"]
[BlackClock "0:25:34"]

1. c4 Nf6 2. g3 g6 3. Bg2 Bg7 4. Nc3 c5 5. e4 d6 6. Nge2 Nc6 7. O-O O-O 8. h3
Bd7 9. d3 Qc8 10. Kh2 h5 11. Nd5 Nh7 12. Rb1 Re8 13. Be3 e5 14. a3 Ne7 15. Nec3
Nxd5 16. Nxd5 Nf6 17. Nxf6+ Bxf6 18. b4 b6 19. f4 Kg7 20. Qf3 Be6 21. f5 gxf5
22. exf5 Bd7 23. Qxh5 Bc6 24. Qh6+ 1-0

[Event "Benidorm 2013 - Nuevas Generaciones s16"]
[Site "Benidorm ESP"]
[Date "2013.12.07"]
[Round "4.1"]
[White "Serra Canals, Oriol"]
[Black "Sanchez Vigon, David"]
[Result "1-0"]
[WhiteElo "1897"]
[BlackElo "1921"]
[PlyCount "75"]
[EventDate "2013.12.05"]
[EventType "swiss"]
[EventRounds "6"]
[EventCountry "ESP"]
[Source "lmi"]
[SourceDate "2013.12.05"]
[WhiteClock "0:13:17"]
[BlackClock "0:14:58"]

1. d4 Nf6 2. c4 c5 3. d5 b5 4. cxb5 e6 5. Nc3 exd5 6. Nxd5 Bb7 7. Nxf6+ Qxf6 8.
Nf3 d5 9. g3 Bd6 10. Bg2 a6 11. bxa6 Nxa6 12. Qa4+ Kf8 13. Qd7 Qe7 14. Qxe7+
Kxe7 15. O-O Rhb8 16. e4 dxe4 17. Nd2 f5 18. Nc4 Bc7 19. Bg5+ Ke6 20. f3 h6 21.
Be3 exf3 22. Bxf3 Bxf3 23. Rxf3 g5 24. Re1 Kd5 25. b3 Rf8 26. Ref1 Ke6 27. Re1
Kd5 28. Bf2 Rae8 29. Rxe8 Rxe8 30. Rxf5+ Ke6 31. Rf3 Rd8 32. Re3+ Kf6 33. Rc3
Nb4 34. Bxc5 Nxa2 35. Rc2 Rd1+ 36. Kg2 Nc1 37. Ne3 Re1 38. Nd5+ 1-0

[Event "Benidorm 2013 - Nuevas Generaciones s16"]
[Site "Benidorm ESP"]
[Date "2013.12.07"]
[Round "4.2"]
[White "Perez Garcia, Alejandro"]
[Black "Cribilles Perez, Carlos"]
[Result "1-0"]
[WhiteElo "1990"]
[BlackElo "1698"]
[PlyCount "137"]
[EventDate "2013.12.05"]
[EventType "swiss"]
[EventRounds "6"]
[EventCountry "ESP"]
[Source "lmi"]
[SourceDate "2013.12.05"]
[WhiteClock "0:03:45"]
[BlackClock "0:00:58"]

1. b3 e5 2. Bb2 Nc6 3. Nf3 f6 4. e4 Bc5 5. Bc4 Nge7 6. c3 d5 7. exd5 Nxd5 8. d4
exd4 9. Nxd4 Ne5 10. O-O c6 11. f4 Nxc4 12. bxc4 Bxd4+ 13. cxd4 Ne7 14. Qh5+ g6
15. Qe2 O-O 16. Re1 Nf5 17. Qf2 b6 18. Nd2 Ba6 19. Rac1 Qd7 20. c5 Rad8 21. Ne4
Bd3 22. cxb6 axb6 23. Rcd1 Bxe4 24. Rxe4 Rfe8 25. Re2 Rxe2 26. Qxe2 Re8 27. Qd2
Qe6 28. d5 cxd5 29. Qxd5 Kf7 30. Kf2 h5 31. h3 h4 32. a3 Ng3 33. Kf3 Kf8 34.
Qd6+ Kf7 35. Qd5 Kf8 36. Qxe6 Rxe6 37. Rd5 Nf5 38. Rb5 Ke7 39. Rb3 Rd6 40. Ke4
Ng3+ 41. Ke3 Nf5+ 42. Ke2 Ng3+ 43. Ke1 Nf5 44. Bc3 Nd4 45. Bxd4 Rxd4 46. Rxb6
Ra4 47. Rb3 Rxf4 48. Rb4 Rxb4 49. axb4 Kd6 50. Kd2 Kc6 51. Kc3 Kd5 52. Kd3 f5
53. b5 Kc5 54. b6 Kxb6 55. Kd4 Kc6 56. Ke5 Kc5 57. Kf6 Kd5 58. Kxg6 Ke5 59. Kg5
Ke4 60. Kxh4 Kf4 61. g3+ Kf3 62. g4 f4 63. g5 Kg2 64. g6 f3 65. g7 f2 66. g8=Q+
Kh2 67. Qg3+ Kh1 68. Qf3+ Kg1 69. Qxf2+ 1-0

[Event "Benidorm 2013 - Nuevas Generaciones s16"]
[Site "Benidorm ESP"]
[Date "2013.12.07"]
[Round "4.3"]
[White "Perez Gonzalez, Daniel"]
[Black "Buch Prades, Joan"]
[Result "0-1"]
[WhiteElo "1557"]
[BlackElo "2125"]
[PlyCount "94"]
[EventDate "2013.12.05"]
[EventType "swiss"]
[EventRounds "6"]
[EventCountry "ESP"]
[Source "lmi"]
[SourceDate "2013.12.05"]
[WhiteClock "0:51:47"]
[BlackClock "0:51:24"]

1. e4 c5 2. Nf3 Nc6 3. d4 cxd4 4. Nxd4 g6 5. Nc3 Bg7 6. Be3 Nf6 7. Bc4 O-O 8.
Bb3 d6 9. f3 Bd7 10. Qd2 Na5 11. h4 Nxb3 12. Nxb3 h5 13. O-O-O b5 14. Rdg1 a5
15. Nd5 Nxd5 16. exd5 a4 17. Nd4 Qa5 18. Qxa5 Rxa5 19. g4 b4 20. Nc6 Bxc6 21.
dxc6 a3 22. b3 Rc8 23. gxh5 Rxh5 24. Rg4 Bc3 25. Rc4 Rb5 26. Rg1 d5 27. Rc5
Rxc5 28. Bxc5 e5 29. Rg4 d4 30. Bd6 Rxc6 31. Bxe5 Re6 32. Re4 f5 33. Re2 d3 34.
cxd3 Rxe5 35. Rxe5 Bxe5 36. Kd2 Bd4 37. Ke2 Kf7 38. f4 Bf6 39. Ke3 Bxh4 40. Kd4
Ke6 41. Kc4 Be7 42. d4 Bd6 43. d5+ Kd7 44. Kb5 Bxf4 45. Kxb4 Bd6+ 46. Kc4 f4
47. Kd4 g5 0-1

[Event "Benidorm 2013 - Nuevas Generaciones s16"]
[Site "Benidorm ESP"]
[Date "2013.12.07"]
[Round "4.4"]
[White "Orantes Taboada, Francisco"]
[Black "Cuerda Del Valle, Carlos"]
[Result "1-0"]
[WhiteElo "1822"]
[BlackElo "1659"]
[PlyCount "91"]
[EventDate "2013.12.05"]
[EventType "swiss"]
[EventRounds "6"]
[EventCountry "ESP"]
[Source "lmi"]
[SourceDate "2013.12.05"]

1. e4 c5 2. c3 e6 3. d4 d5 4. dxc5 Bxc5 5. exd5 Qxd5 6. Qxd5 exd5 7. Nf3 Nf6 8.
Be2 O-O 9. O-O Nc6 10. Nbd2 Bg4 11. h3 Bf5 12. Nb3 Bb6 13. Bg5 Ne4 14. Bf4 h6
15. Rad1 Rad8 16. Nbd4 Nxd4 17. Nxd4 Bh7 18. Kh1 a6 19. Be3 Rfe8 20. Rfe1 Ng3+
21. Kg1 Nxe2+ 22. Rxe2 Bxd4 23. Rxd4 Re4 24. Rd1 b5 25. Red2 Re5 26. Rd4 g5 27.
c4 bxc4 28. Rxc4 Rb8 29. Rc6 Re6 30. Rc5 Ree8 31. b3 Be4 32. Ra5 Re6 33. Rc1
Rd8 34. Bd4 Bd3 35. Rcc5 Re2 36. a3 Re1+ 37. Kh2 Rb1 38. Rc3 Bb5 39. a4 Bf1 40.
Rac5 Rb8 41. Rc6 Kh7 42. Rf3 Rb7 43. Rcf6 Kg8 44. Rxh6 Kf8 45. Bf6 Ke8 46. Re3+
1-0

[Event "Benidorm 2013 - Nuevas Generaciones s16"]
[Site "Benidorm ESP"]
[Date "2013.12.07"]
[Round "5.1"]
[White "Buch Prades, Joan"]
[Black "Serra Canals, Oriol"]
[Result "1-0"]
[WhiteElo "2125"]
[BlackElo "1897"]
[PlyCount "79"]
[EventDate "2013.12.05"]
[EventType "swiss"]
[EventRounds "6"]
[EventCountry "ESP"]
[Source "lmi"]
[SourceDate "2013.12.05"]
[WhiteClock "0:18:38"]
[BlackClock "0:02:10"]

1. d4 d5 2. c4 e6 3. Nc3 Be7 4. Nf3 Nf6 5. Bg5 h6 6. Bh4 O-O 7. e3 b6 8. Bd3 c5
9. O-O Nc6 10. cxd5 exd5 11. dxc5 bxc5 12. Bb5 Bb7 13. Bxf6 Bxf6 14. Qxd5 Qb6
15. Qb3 Na5 16. Qa4 a6 17. Bd3 Qb4 18. a3 Qxa4 19. Nxa4 c4 20. Be2 Rab8 21. Nd4
Bxd4 22. exd4 Bc6 23. Nc3 Rxb2 24. Rab1 Rc2 25. Rfc1 Rxc1+ 26. Rxc1 Rb8 27. Rb1
Rb3 28. Rxb3 cxb3 29. Bxa6 b2 30. Bd3 Nb3 31. d5 Bb7 32. Kf1 Bxd5 33. Nxd5
b1=Q+ 34. Bxb1 Nd2+ 35. Ke2 Nxb1 36. a4 Na3 37. Kd3 Kf8 38. Kc3 Ke8 39. Nb6
Nb1+ 40. Kc2 1-0

[Event "Benidorm 2013 - Nuevas Generaciones s16"]
[Site "Benidorm ESP"]
[Date "2013.12.07"]
[Round "5.2"]
[White "Sanchez Vigon, David"]
[Black "Hernandez Torralba, Sergio"]
[Result "1-0"]
[WhiteElo "1921"]
[BlackElo "1749"]
[PlyCount "97"]
[EventDate "2013.12.05"]
[EventType "swiss"]
[EventRounds "6"]
[EventCountry "ESP"]
[Source "lmi"]
[SourceDate "2013.12.05"]
[WhiteClock "0:19:17"]
[BlackClock "0:02:44"]

1. d4 Nf6 2. Bg5 Ne4 3. Bf4 d5 4. e3 Bf5 5. Bd3 Bg6 6. h4 Nf6 7. Nf3 e6 8. c3
Bd6 9. Ne5 Bxd3 10. Qxd3 Bxe5 11. Bxe5 Nbd7 12. Bf4 Nb6 13. Nd2 Qe7 14. a4 Rc8
15. a5 Nbd7 16. Qb5 O-O 17. Qxb7 Rb8 18. Qxc7 Rfc8 19. Qd6 Qxd6 20. Bxd6 Rxb2
21. Rb1 Rxd2 22. Kxd2 Ne4+ 23. Ke2 Nxd6 24. Rhc1 Kf8 25. f3 Ke7 26. Kd3 Rb8 27.
e4 Rxb1 28. Rxb1 f5 29. exd5 exd5 30. g4 fxg4 31. fxg4 Nf6 32. a6 Kd7 33. g5
Nfe4 34. Rb8 h6 35. gxh6 gxh6 36. Rh8 Kc6 37. Rxh6 Kb5 38. Rh5 Nf6 39. Re5 Kxa6
40. Re6 Nfe4 41. h5 Kb5 42. h6 Nf7 43. h7 Neg5 44. Rh6 Nh8 45. Rh5 Ngf7 46.
Rxd5+ Kc6 47. Ra5 Kb6 48. Rf5 a5 49. c4 1-0

[Event "Benidorm 2013 - Nuevas Generaciones s16"]
[Site "Benidorm ESP"]
[Date "2013.12.07"]
[Round "5.3"]
[White "Gonzalez Fernandez, Pedro"]
[Black "Torrijos Garcia, Borja"]
[Result "1/2-1/2"]
[WhiteElo "1857"]
[BlackElo "1670"]
[PlyCount "74"]
[EventDate "2013.12.05"]
[EventType "swiss"]
[EventRounds "6"]
[EventCountry "ESP"]
[Source "lmi"]
[SourceDate "2013.12.05"]
[WhiteClock "0:11:50"]
[BlackClock "0:35:51"]

1. d4 Nf6 2. Nf3 c5 3. d5 d6 4. c4 b5 5. cxb5 a6 6. b6 Bb7 7. Nc3 g6 8. e4 Nbd7
9. Nd2 Bg7 10. Nc4 Nxb6 11. Nxb6 Qxb6 12. Bc4 O-O 13. O-O Nd7 14. f4 Qb4 15.
Qb3 Qxb3 16. axb3 Rfb8 17. Bd2 Bc8 18. Ra2 Nb6 19. Rfa1 Nxc4 20. bxc4 Rb4 21.
Na4 Rb3 22. Ba5 Rab8 23. e5 dxe5 24. Bc7 R8b4 25. Nxc5 Rxb2 26. Rxb2 Rxb2 27.
fxe5 Re2 28. Kf1 Bxe5 29. Bxe5 Rxe5 30. Nxa6 Re4 31. c5 Rc4 32. c6 Bxa6 33.
Rxa6 Rc5 34. Ra7 Kg7 35. Rd7 Kf6 36. Kf2 g5 37. Ke3 h5 1/2-1/2

[Event "Benidorm 2013 - Nuevas Generaciones s16"]
[Site "Benidorm ESP"]
[Date "2013.12.07"]
[Round "5.4"]
[White "Capote Robayna, Johanna"]
[Black "Perez Gonzalez, Daniel"]
[Result "1/2-1/2"]
[WhiteElo "1779"]
[BlackElo "1557"]
[PlyCount "102"]
[EventDate "2013.12.05"]
[EventType "swiss"]
[EventRounds "6"]
[EventCountry "ESP"]
[Source "lmi"]
[SourceDate "2013.12.05"]
[WhiteClock "0:01:55"]
[BlackClock "0:39:57"]

1. e4 c6 2. d4 d5 3. Nc3 dxe4 4. Nxe4 Bf5 5. Ng3 Bg6 6. h4 h6 7. h5 Bh7 8. Nf3
Nd7 9. Bd3 Bxd3 10. Qxd3 Qc7 11. O-O Ngf6 12. c4 e6 13. Re1 Be7 14. Ne5 Nxe5
15. dxe5 Nd7 16. Bf4 Rd8 17. Qc3 Nc5 18. Rad1 O-O 19. b4 Na6 20. a3 Rxd1 21.
Rxd1 Rd8 22. Rd2 Rxd2 23. Qxd2 Qd8 24. Qxd8+ Bxd8 25. Ne4 Be7 26. Nd6 Bxd6 27.
exd6 Nb8 28. Kf1 f6 29. Ke2 Kf7 30. Be3 b6 31. a4 Nd7 32. c5 bxc5 33. bxc5 e5
34. Kd3 f5 35. Kc4 Nf6 36. Kb4 Nd5+ 37. Ka5 Nc3 38. f4 e4 39. Bd4 Nd5 40. Bxg7
e3 41. Bd4 e2 42. Bf2 Nxf4 43. Bh4 Ke6 44. Ka6 Nd3 45. Kb7 Kd7 46. Kxa7 Nxc5
47. a5 Kxd6 48. Kb6 Na4+ 49. Kb7 Nc5+ 50. Kb6 Na4+ 51. Kb7 Nc5+ 1/2-1/2

[Event "Benidorm 2013 - Nuevas Generaciones s16"]
[Site "Benidorm ESP"]
[Date "2013.12.08"]
[Round "6.1"]
[White "Buch Prades, Joan"]
[Black "Perez Garcia, Alejandro"]
[Result "1/2-1/2"]
[WhiteElo "2125"]
[BlackElo "1990"]
[PlyCount "98"]
[EventDate "2013.12.05"]
[EventType "swiss"]
[EventRounds "6"]
[EventCountry "ESP"]
[Source "lmi"]
[SourceDate "2013.12.05"]

1. e4 c5 2. b3 Nf6 3. e5 Nd5 4. Bb2 Nc6 5. Nf3 e6 6. Nc3 Nxc3 7. Bxc3 b6 8. Bd3
Bb7 9. Qe2 Nb4 10. Bxb4 cxb4 11. Be4 Qc7 12. Bxb7 Qxb7 13. O-O Rc8 14. Rac1 Be7
15. c4 bxc3 16. Rxc3 O-O 17. Rfc1 Rxc3 18. Rxc3 d6 19. d4 dxe5 20. dxe5 Rd8 21.
Qc2 Bb4 22. Rd3 Rxd3 23. Qxd3 Qc7 24. g3 Qc1+ 25. Kg2 Qb2 26. Qe4 a5 27. Ng5 h6
28. Qh7+ Kf8 29. Qh8+ Ke7 30. Nh7 Qxe5 31. Qf8+ Kd7 32. Qxf7+ Kd6 33. Nf8 Qf5
34. Qxg7 Bc5 35. f4 Qc2+ 36. Kh3 Qf5+ 37. Kh4 Kd5 38. Ng6 Ke4 39. Qxh6 Kd3 40.
Qg5 Qe4 41. Ne5+ Kc3 42. Nc4 Bd4 43. Nd6 Qh7+ 44. Kg4 Kb2 45. f5 Qxh2 46. fxe6
Qe2+ 47. Kh4 Qh2+ 48. Kg4 Qe2+ 49. Kh4 Qh2+ 1/2-1/2

[Event "Benidorm 2013 - Nuevas Generaciones s16"]
[Site "Benidorm ESP"]
[Date "2013.12.08"]
[Round "6.2"]
[White "Donadio Falcon, Pablo"]
[Black "Sanchez Vigon, David"]
[Result "1-0"]
[WhiteElo "1577"]
[BlackElo "1921"]
[PlyCount "123"]
[EventDate "2013.12.05"]
[EventType "swiss"]
[EventRounds "6"]
[EventCountry "ESP"]
[Source "lmi"]
[SourceDate "2013.12.05"]
[WhiteClock "0:01:16"]
[BlackClock "0:01:05"]

1. e4 c5 2. Nf3 Nc6 3. d4 cxd4 4. Nxd4 g6 5. c4 Bg7 6. Be3 Nf6 7. Nc3 Ng4 8.
Qxg4 Nxd4 9. Qd1 Ne6 10. Qd2 Qa5 11. Be2 b6 12. O-O Bb7 13. f3 g5 14. Rad1 d6
15. a3 h5 16. Nd5 Qxd2 17. Rxd2 Rc8 18. Kf2 h4 19. Rc1 Be5 20. Kg1 f6 21. Bd1
Nf4 22. Ba4+ Kf7 23. Nxf4 Bxf4 24. Bxf4 gxf4 25. b4 Rh5 26. Rd4 Rg5 27. Rc2 Ke6
28. Rd5 Re5 29. Kf2 Rg5 30. h3 Rcg8 31. Rxg5 Rxg5 32. Rd2 Re5 33. Bb3 Kd7 34.
Rd4 Kc7 35. Bc2 Bc8 36. Rd5 Be6 37. Rxe5 fxe5 38. Bd3 Kc6 39. Ke2 Bf7 40. Kd2
a6 41. a4 Kc7 42. b5 a5 43. Kc3 Be6 44. Kb3 Bc8 45. Kc3 Bb7 46. Bc2 e6 47. Bb3
d5 48. Bc2 Kd6 49. Bd3 Kc5 50. Bc2 Bc8 51. Bb1 Bb7 52. Bc2 d4+ 53. Kb3 d3 54.
Bxd3 Kd4 55. Kc2 Ke3 56. c5 Kf2 57. Bc4 Kxg2 58. Bxe6 bxc5 59. Bg4 Ba8 60. Kc3
Bxe4 61. fxe4 f3 62. Bxf3+ 1-0

[Event "Benidorm 2013 - Nuevas Generaciones s16"]
[Site "Benidorm ESP"]
[Date "2013.12.08"]
[Round "6.3"]
[White "Serra Canals, Oriol"]
[Black "Orantes Taboada, Francisco"]
[Result "1/2-1/2"]
[WhiteElo "1897"]
[BlackElo "1822"]
[PlyCount "42"]
[EventDate "2013.12.05"]
[EventType "swiss"]
[EventRounds "6"]
[EventCountry "ESP"]
[Source "lmi"]
[SourceDate "2013.12.05"]
[WhiteClock "0:15:03"]
[BlackClock "0:46:57"]

1. d4 Nf6 2. c4 g6 3. Nc3 d5 4. cxd5 Nxd5 5. e4 Nxc3 6. bxc3 Bg7 7. Be3 c5 8.
Qd2 O-O 9. Rc1 Qa5 10. d5 Re8 11. c4 Qxd2+ 12. Kxd2 b6 13. Ne2 Bb7 14. Nc3 Na6
15. Nb5 Red8 16. g3 Nb4 17. a3 Nc6 18. Ke2 Na5 19. Ke1 a6 20. Nc3 Nb3 21. Rc2
Na1 1/2-1/2